000 00489nam a2200157 a 4500
001 000007182
005 20200929154105.0
008 090907s1995 dr a 001 0 spa d
040 _aDO-SdBNP
_bspa
_cBNPHU
082 _axxx
_bB352d
100 1 _aBautista López, Benito
_919942
245 1 0 _aDiversión dominicana :
_beslabón de nuestars culturas /
_cBenito Bautista López.
260 _aSanto Domingo.
300 _a112 p. :
_bil ;
_c21 cm.
500 _aIncluye datos biográficos del autor
999 _c6963
_d6963